|
|
|
|
| LEADER |
00000cam a2200000 7i4500 |
| 001 |
0000077567 |
| 005 |
20180109.0 |
| 008 |
180109 |
| 020 |
|
|
|a 9831553576
|
| 090 |
0 |
0 |
|a JF
|b MAL
|
| 100 |
1 |
|
|a Nordiana Ahmad
|
| 245 |
0 |
0 |
|a Peladang yang bijak
|c Nordiana Ahmad
|
| 260 |
|
|
|a Selangor :
|b Info didik sdn.bhd ,
|c 2002
|
| 440 |
|
0 |
|a Siri bacaan didik 1
|
| 500 |
|
|
|a Children ages 7-9 years old (orange)
|
| 650 |
|
0 |
|a Malay fiction
|
| 999 |
|
|
|a 0000006478
|b Book
|c Children Collection
|e Cawangan Taman Universiti
|
| 999 |
|
|
|a 0000006479
|b Book
|c Children Collection
|e Cawangan Taman Universiti
|
| 999 |
|
|
|a 0000006480
|b Book
|c Children Collection
|e Cawangan Taman Universiti
|
| 999 |
|
|
|a 0000006481
|b Book
|c Children Collection
|e Cawangan Taman Universiti
|